Joueurs de foot - Difficile - Statistiques

Statistiques générales
  • Ce quiz a été pris 175 fois
  • Le résultat moyen est 5 sur 15
Statistiques - réponses
Par images Réponse % Correct
Alessandrini
79%
Tremoulinas
65%
Clyne
59%
Heinze
45%
Costa
44%
Rosicky
43%
Aduriz
39%
Cassano
26%
Montolivo
23%
Fletcher
17%
Altintop
15%
Badstuber
15%
Jeffren
7%
Santa Cruz
4%
Elano
3%
Aucun quiz correspondant
Distribution des résultats
% des personnes avec chaque résultat
Percentile par nombre de réponses
Votre historique - résultats
Vous n’avez pas pris ce quiz